000 00660nam a2200241Ia 4500
003 OSt
005 20221007074810.0
006 a|||||r|||| 00| 0
007 ta
008 221006b |||||||| |||| 00| 0 eng d
024 _a29,790
037 _cTextual
040 _aFLL
_cFLL
_beng
041 _2eng
_aeng
082 _aX:95:(Z1), L8.1
100 _aAlbeda W.
_9267911
245 0 _aTemporary work in modern society
260 _aNetherlands
_bKluwer Netherlands
_c1978
300 _axxv,544p
_ccm.
700 _a Blanpain R.
_9264990
942 _hX:95:(Z1), L8.1
_cTEXL
_2CC
999 _c1153718
_d1153718